000 00575nam a2200229Ia 4500
003 OSt
005 20220924142356.0
006 a|||||r|||| 00| 0
007 ta
008 220923b |||||||| |||| 00| 0 ben d
024 _a301738
037 _cTextual
040 _aARTS
_cARTS
_bben
041 _2ben
_aben
082 _aY1:1, 157M2.1
100 _aSanyal
_9154829
245 0 _aMaanusher kromovikas ebang sabhayata o sanskriti
260 _c1982
650 _aSOCIOLOGY
942 _hY1:1, 157M2.1
_cTEXL
_2CC
999 _c450550
_d450550